Famous Movie/TV show sayings, quotes, catchphrase - Statistics

General Stats
  • This quiz has been taken 30 times
  • The average score is 4 of 19
Answer Stats
Hint Answer % Correct
Frozen Let it go
76%
Loony tunes Whats up doc
64%
Loony tunes That’s all folks
44%
Wizard of OZ There’s no place like home
32%
Toy story To infinity and beyond
32%
Star Wars May the Force be with you
28%
Bob the builder Can we fix it? Yes we can
16%
Dora Swiper no swiping
16%
The little mermaid Under the sea
12%
Paw patrol Paw patrol is on a role
8%
Peppa pig *Pig snort*
8%
Sponge Bob A few Hours Later...
4%
Sponge bob Aye aye captain
4%
Peppa pig Oh, George
4%
Peter Pan Think happy thoughts
4%
Moana Your welcome
4%
Octonauts Octonauts to the HQ
0%
Frozen Some people are worth melting for
0%
Wizard of OZ Toto, I've a feeling we're not in Kansas anymore
0%
No matching quizzes found
Score Distribution
Percent of People with Each Score
Percentile by Number Answered
Your Score History
You have not taken this quiz